00441nam a22001457a 4500999001900000003000500019038001100024082001700035100003100052245004500083260004100128300001300169942001200182952010100194 c527562d527562NUST awaseem a891.421bNOO aNoor, Muhammad Noor918896 aKehra Dard Vandaiy /cNoor Muhammad Noor aChandigarh :bUnistars Book,c[s.l]. a103 p. ; 2ddccBK 00102ddc4070aCLbCLcPLITd2019-07-31l0o891.421 NOOpCL-E-1426r2019-07-31w2019-07-31yBK